Quản lý phát triển đào tạo giáo dục thường xuyên của trường Đại học Cần Thơ trong bối cảnh đổi mới căn bản, toàn diện giáo dục : Báo cáo tổng kết đề tài Khoa học và Công nghệ cấp trường

Nghiên cứu cơ sở lý luận về mô hình quản lý và các yếu tố tác động đến quản lý phát triển đào tạo giáo dục thường xuyên tại trường đại học.

Gardado en:
Detalles Bibliográficos
Autor Principal: Phạm, Phương Tâm
Formato: Libro
Idioma:Undetermined
Publicado: Cần Thơ Trường Đại học Cần Thơ 2018
Những chủ đề:
Các nhãn: Engadir etiqueta
Sen Etiquetas, Sexa o primeiro en etiquetar este rexistro!
Thư viện lưu trữ: Trung tâm Học liệu Trường Đại học Cần Thơ
LEADER 01140nam a2200217Ia 4500
001 CTU_230289
008 210402s9999 xx 000 0 und d
082 |a 378.1 
082 |b T120 
088 |a TĐH2018-05 
100 |a Phạm, Phương Tâm 
245 0 |a Quản lý phát triển đào tạo giáo dục thường xuyên của trường Đại học Cần Thơ trong bối cảnh đổi mới căn bản, toàn diện giáo dục : 
245 0 |b Báo cáo tổng kết đề tài Khoa học và Công nghệ cấp trường 
245 0 |c Phạm Phương Tâm (Chủ nhiệm đề tài) 
260 |a Cần Thơ 
260 |b Trường Đại học Cần Thơ 
260 |c 2018 
520 |a Nghiên cứu cơ sở lý luận về mô hình quản lý và các yếu tố tác động đến quản lý phát triển đào tạo giáo dục thường xuyên tại trường đại học. 
650 |a Giáo dục đại học,Education, Higher 
910 |b nthai 
980 |a Trung tâm Học liệu Trường Đại học Cần Thơ